[Event "Wch U12"]
[Site "Montesilvano"]
[Date "2024.11.17"]
[Round "3"]
[White "Aansh, Nandan Nerurkar"]
[Black "Petrovski, Nikola"]
[Result "1-0"]
[WhiteElo "2247"]
[BlackElo "1829"]
[PlyCount "65"]
[EventDate "2024.11.15"]
[EventType "swiss"]
[EventRounds "11"]
[EventCountry "ITA"]
[SourceTitle "CB48_2024"]
[SourceDate "2024.11.28"]
[SourceVersion "1"]
[SourceVersionDate "2024.11.28"]
[SourceQuality "1"]

1. e4 e5 2. Nf3 Nc6 3. Bc4 Bc5 4. c3 Nf6 5. d4 exd4 6. cxd4 Bb4+ 7. Nbd2 d5 8. exd5 Nxd5 9. 0-0 0-0 10. a3 Bxd2 11. Bxd2 Nb6 12. Ba2 Bg4 13. Bc3 Nd5 14. h3 Nxc3 15. bxc3 Bf5 16. Re1 Qf6 17. Re3 Rfe8 18. Qe2 Rxe3 19. Qxe3 h6 20. Nd2 Qg5 21. Qxg5 hxg5 22. g4 Bg6 23. Nf3 Re8 24. Nxg5 Re2 25. f4 Nd8 26. f5 Bh7 27. Kf1 Rh2 28. Re1 Rh1+ 29. Kf2 Rxe1 30. Kxe1 g6 31. f6 Ne6 32. Bxe6 fxe6 33. f7+ 1-0

[Event "Wch U12"]
[Site "Montesilvano"]
[Date "2024.11.16"]
[Round "2"]
[White "Petrovski, Nikola"]
[Black "Wijerathna, Vinuka Dihain"]
[Result "0-1"]
[WhiteElo "1829"]
[BlackElo "2004"]
[PlyCount "150"]
[EventDate "2024.11.15"]
[EventType "swiss"]
[EventRounds "11"]
[EventCountry "ITA"]
[SourceTitle "CB48_2024"]
[SourceDate "2024.11.28"]
[SourceVersion "1"]
[SourceVersionDate "2024.11.28"]
[SourceQuality "1"]

1. e4 e5 2. Nf3 Nc6 3. Bc4 Bc5 4. c3 Nf6 5. d3 a6 6. a4 d6 7. b4 Ba7 8. 0-0 h6 9. Be3 0-0 10. Bxa7 Rxa7 11. Nbd2 Ra8 12. Qb3 Bg4 13. Rfe1 Qd7 14. Re3 Rfe8 15. h3 Be6 16. Bxe6 Rxe6 17. d4 Ree8 18. Ree1 b6 19. Rad1 Rad8 20. Qc2 Qe7 21. Qb1 Ra8 22. d5 Nb8 23. Nf1 Nbd7 24. Ng3 g6 25. Qc1 Kh7 26. Nh2 Rf8 27. f4 exf4 28. Qxf4 Qe5 29. Qe3 Rae8 30. Kf2 Qe7 31. Nf3 Ne5 32. Kg1 Nfd7 33. Nd4 Qh4 34. Rf1 Qg5 35. Qxg5 hxg5 36. Rf2 Kg7 37. Rdd2 Rh8 38. Rd1 Ra8 39. Rdf1 a5 40. b5 Nc5 41. Nc6 Ncd7 42. Ne2 Rhf8 43. Ned4 Nc5 44. Ra2 Nxe4 45. c4 Rae8 46. Nxe5 dxe5 47. Nc6 f6 48. Kh2 Rf7 49. Rc2 Nc5 50. Ra2 Rd7 51. Raf2 Rd6 52. Ra2 e4 53. Nd4 f5 54. Re1 Rf8 55. Rae2 f4 56. Rxe4 Nxe4 57. Rxe4 Kf6 58. g3 fxg3+ 59. Kxg3 Rf7 60. Nc6 Kg7 61. Nd4 Rdf6 62. Ne6+ Kh6 63. h4 Rf3+ 64. Kg4 gxh4 65. Kxh4 Rf1 66. Kg3 g5 67. Re2 Rg1+ 68. Kh2 Rg4 69. Nd8 Rh7 70. Re3 Kg6+ 71. Rh3 Rxh3+ 72. Kxh3 Rxc4 73. Nc6 Kf6 74. Kg3 Rc5 75. Nb8 Rxd5 0-1

[Event "FRM-ch op"]
[Site "Skopje"]
[Date "2024.05.18"]
[Round "9"]
[White "Spasovski, Lazo"]
[Black "Petrovski, Nikola"]
[Result "1/2-1/2"]
[WhiteElo "1770"]
[BlackElo "1692"]
[PlyCount "112"]
[EventDate "2024.05.11"]
[EventType "swiss"]
[EventRounds "9"]
[EventCountry "MKD"]
[SourceTitle "CBM 220 Extra"]
[Source "ChessBase"]
[SourceDate "2024.07.31"]
[SourceVersion "1"]
[SourceVersionDate "2024.07.31"]
[SourceQuality "1"]

1. e4 e5 2. Nf3 Nc6 3. Bc4 Bc5 4. c3 Nf6 5. d4 exd4 6. e5 d5 7. Bb5 Ne4 8. cxd4 Bb6 9. 0-0 0-0 10. Nc3 Bg4 11. Bxc6 bxc6 12. Be3 f6 13. Nxe4 dxe4 14. Qb3+ Qd5 15. Nd2 Kh8 16. Qxd5 cxd5 17. f3 exf3 18. gxf3 Bh3 19. Rfe1 fxe5 20. dxe5 d4 21. Bf2 Ba5 22. Rad1 c5 23. e6 Rae8 24. e7 Rf7 25. Re5 Bxd2 26. Rxd2 Rexe7 27. Rxc5 Rxf3 28. Rc1 d3 29. Rcd1 Rc7 30. Rxd3 Rxd3 31. Rxd3 Rc1+ 32. Be1 Rxe1+ 33. Kf2 Rf1+ 34. Ke2 Rf8 35. Rxh3 Kg8 36. Re3 Rc8 37. Rc3 Rb8 38. b3 Rb7 39. a4 Kf7 40. Kd3 Ke6 41. Kc4 Rc7+ 42. Kd4 Rxc3 43. Kxc3 Kd5 44. Kb4 Kc6 45. Ka5 Kb7 46. Kb5 g5 47. Kc5 a5 48. b4 axb4 49. Kxb4 Ka6 50. Kc5 Ka5 51. Kd5 Kxa4 52. Ke5 Kb5 53. Kf5 h6 54. h3 Kc5 55. Kg6 Kd6 56. Kxh6 Ke7 1/2-1/2

[Event "FRM-ch op"]
[Site "Skopje"]
[Date "2024.05.12"]
[Round "2"]
[White "Petrovski, Nikola"]
[Black "Angelovski, Luka"]
[Result "1-0"]
[WhiteElo "1692"]
[BlackElo "1429"]
[PlyCount "39"]
[EventDate "2024.05.11"]
[EventType "swiss"]
[EventRounds "9"]
[EventCountry "MKD"]
[SourceTitle "CBM 220 Extra"]
[Source "ChessBase"]
[SourceDate "2024.07.31"]
[SourceVersion "1"]
[SourceVersionDate "2024.07.31"]
[SourceQuality "1"]

1. e4 c5 2. Nf3 d6 3. d4 cxd4 4. Nxd4 Nf6 5. Nc3 g6 6. f3 Bg7 7. Be3 0-0 8. Qd2 Nc6 9. 0-0-0 Qa5 10. Kb1 a6 11. g4 b5 12. Nxc6 Qc7 13. Nd5 Nxd5 14. exd5 Bb7 15. Bd4 Rac8 16. f4 Bxc6 17. dxc6 a5 18. Qf2 a4 19. Bb6 Qb8 20. Bg2 1-0

[Event "Skopje op-B"]
[Site "Skopje"]
[Date "2023.12.10"]
[Round "7"]
[White "Ajrula, Adnan"]
[Black "Petrovski, Nikola"]
[Result "0-1"]
[WhiteElo "1782"]
[BlackElo "1458"]
[PlyCount "52"]
[EventDate "2023.12.06"]
[EventType "swiss"]
[EventRounds "9"]
[EventCountry "MKD"]
[SourceTitle "CBM 217 Extra"]
[Source "ChessBase"]
[SourceDate "2024.01.31"]
[SourceVersion "1"]
[SourceVersionDate "2024.01.31"]
[SourceQuality "1"]

1. d4 Nf6 2. g3 g6 3. Bg2 Bg7 4. e4 d6 5. Ne2 0-0 6. 0-0 e5 7. dxe5 dxe5 8. c3 Nc6 9. Nd2 Qe7 10. Nc4 Be6 11. Ne3 Nd7 12. a4 a5 13. b3 Rfd8 14. Qc2 Nb6 15. Ba3 Qe8 16. Rfd1 f6 17. Nd5 Qf7 18. Bc5 Nxd5 19. exd5 Bxd5 20. f4 exf4 21. Nxf4 Bxb3 22. Rxd8+ Rxd8 23. Qb2 f5 24. Rb1 Be6 25. Nxe6 Qxe6 26. Qxb7 Rb8 0-1

[Event "FRM-ch op"]
[Site "Skopje"]
[Date "2023.05.11"]
[Round "9"]
[White "Golubovic, Tomislav"]
[Black "Petrovski, Nikola"]
[Result "1/2-1/2"]
[WhiteElo "1663"]
[BlackElo "1426"]
[PlyCount "41"]
[EventDate "2023.05.04"]
[EventType "swiss"]
[EventRounds "9"]
[EventCountry "MKD"]
[SourceTitle "CBM 214 Extra"]
[Source "ChessBase"]
[SourceDate "2023.07.31"]
[SourceVersion "1"]
[SourceVersionDate "2023.07.31"]
[SourceQuality "1"]

1. e4 e5 2. Nf3 Nc6 3. Bc4 Bc5 4. c3 Nf6 5. d3 d6 6. b4 Bb6 7. a4 a5 8. b5 Ne7 9. 0-0 0-0 10. h3 Ng6 11. Be3 Re8 12. Ng5 Be6 13. Nxe6 fxe6 14. Bxb6 cxb6 15. Nd2 Kh8 16. g3 d5 17. Bb3 Qc7 18. Rc1 Rad8 19. Qe2 Rd6 20. Rfd1 Red8 21. d4 1/2-1/2

[Event "Struga Lake Queen U14 op"]
[Site "Struga"]
[Date "2022.09.10"]
[Round "6"]
[White "Kavazov, Kristijan"]
[Black "Petrovski, Nikola"]
[Result "0-1"]
[WhiteElo "1143"]
[BlackElo "1415"]
[PlyCount "82"]
[EventDate "2022.09.07"]
[EventType "swiss"]
[EventRounds "7"]
[EventCountry "MKD"]
[SourceTitle "EXT 2023"]
[Source "ChessBase"]
[SourceDate "2022.10.05"]
[SourceVersion "1"]
[SourceVersionDate "2022.10.05"]
[SourceQuality "1"]

1. e4 e5 2. Nf3 Nc6 3. d4 exd4 4. Nxd4 Bc5 5. Be3 Qf6 6. c3 Nge7 7. Bc4 0-0 8. 0-0 d6 9. Re1 Bb6 10. a4 Bd7 11. b4 a6 12. a5 Ba7 13. f4 Rfe8 14. Qd3 Bxd4 15. cxd4 Nxb4 16. Qc3 Nbc6 17. Nd2 Ng6 18. f5 Nf8 19. Rab1 Rab8 20. Qd3 Nxa5 21. Ba2 Nc6 22. Nf3 h6 23. d5 Ne5 24. Nxe5 dxe5 25. Rec1 Rec8 26. Ba7 Ra8 27. Rxb7 Rxa7 28. Rxa7 Qb6+ 29. Kh1 Qxa7 30. Bc4 a5 31. Ra1 a4 32. Qc3 Qd4 33. Qxd4 exd4 34. Kg1 Re8 35. Bd3 Nh7 36. Re1 Bxf5 37. Kf2 Bd7 38. h4 Nf6 39. Kf3 Nxd5 40. e5 f6 41. Bc4 c6 0-1

[Event "Struga Lake Queen U14 op"]
[Site "Struga"]
[Date "2022.09.08"]
[Round "2"]
[White "Krstevski, Pavel"]
[Black "Petrovski, Nikola"]
[Result "1-0"]
[WhiteElo "1158"]
[BlackElo "1415"]
[PlyCount "105"]
[EventDate "2022.09.07"]
[EventType "swiss"]
[EventRounds "7"]
[EventCountry "MKD"]
[SourceTitle "EXT 2023"]
[Source "ChessBase"]
[SourceDate "2022.10.05"]
[SourceVersion "1"]
[SourceVersionDate "2022.10.05"]
[SourceQuality "1"]

1. d4 Nf6 2. Bf4 g6 3. e3 Bg7 4. Nf3 0-0 5. Be2 d6 6. h3 Nc6 7. 0-0 Nd7 8. c3 h6 9. Nbd2 e5 10. dxe5 dxe5 11. Bh2 f5 12. Nc4 Kh8 13. a4 a5 14. Qc2 Qe7 15. Na3 Nb6 16. Rfd1 Be6 17. Bb5 Bg8 18. Nd2 Nd8 19. Ndc4 Nxc4 20. Bxc4 Bxc4 21. Nxc4 Nc6 22. Rd2 Rad8 23. Rad1 Rxd2 24. Rxd2 Rd8 25. Qd1 Rxd2 26. Qxd2 Qd6 27. b3 Kh7 28. Kf1 h5 29. Qc2 Qd5 30. Na3 Kh8 31. Nb5 Qd7 32. Bg3 Bf6 33. Ke2 Qd5 34. f3 Qf7 35. Qd1 Qe7 36. Qd5 Nd8 37. Qd2 c6 38. Nd6 Bg5 39. Nc4 f4 40. Bf2 Qc7 41. e4 b5 42. axb5 cxb5 43. Nxe5 Qg7 44. Bd4 Kh7 45. Nc6 Qc7 46. Nxd8 Bxd8 47. Qd3 b4 48. cxb4 axb4 49. Qc4 Qa5 50. Qf7+ Kh6 51. Qxf4+ Kh7 52. Qf7+ Kh6 53. Qf8+ 1-0

[Event "EU-chT U12"]
[Site "Thessaloniki"]
[Date "2022.07.12"]
[Round "1.2"]
[White "Petrovski, Nikola"]
[Black "Bubelo, Mykola"]
[Result "0-1"]
[WhiteElo "1389"]
[BlackElo "1535"]
[PlyCount "94"]
[EventDate "2022.07.12"]
[EventType "team-swiss"]
[EventRounds "7"]
[EventCountry "GRE"]
[SourceTitle "EXT 2023"]
[Source "ChessBase"]
[SourceDate "2022.10.05"]
[SourceVersion "1"]
[SourceVersionDate "2022.10.05"]
[SourceQuality "1"]
[WhiteTeam "Macedonia U12"]
[BlackTeam "Ukraine U12"]
[WhiteTeamCountry "MKD"]
[BlackTeamCountry "UKR"]

1. e4 e6 2. d4 d5 3. e5 c5 4. c3 Nc6 5. Nf3 Qb6 6. a3 cxd4 7. cxd4 Nh6 8. Bd3 Bd7 9. Bc2 Rc8 10. 0-0 Na5 11. Nc3 Nc4 12. Rb1 Qc7 13. Ne1 Ng8 14. f4 g6 15. g4 h5 16. f5 gxf5 17. gxf5 Ne7 18. fxe6 fxe6 19. Qf3 Qb6 20. Ne2 Nxe5 21. Qf6 Rg8+ 22. Bg5 Bb5 23. Qxe5 Bxe2 24. Rxf8+ Rxf8 25. Qxe2 Qxd4+ 26. Kh1 Qg4 27. Qb5+ Nc6 28. Bh6 a6 29. Qd3 Ne5 30. Qg3 Rxc2 31. Qxg4 Rxh2+ 32. Kg1 Nxg4 33. Bxf8 Kxf8 34. Ng2 Rh3 35. Nf4 Rg3+ 36. Kh1 Ke7 37. Re1 Re3 38. Rg1 Kd6 39. Kg2 h4 40. Rh1 Rg3+ 41. Kf1 Rf3+ 42. Ke2 Rxf4 43. Rxh4 Re4+ 44. Kd2 Ne5 45. Rh3 Nc4+ 46. Kc2 Re2+ 47. Kc1 Rxb2 0-1

[Event "FRM-ch U10"]
[Site "Struga"]
[Date "2022.06.21"]
[Round "5"]
[White "Simonoski, Luka"]
[Black "Petrovski, Nikola"]
[Result "0-1"]
[WhiteElo "1043"]
[BlackElo "1379"]
[PlyCount "94"]
[EventDate "2022.06.18"]
[EventType "swiss"]
[EventRounds "9"]
[EventCountry "MKD"]
[SourceTitle "EXT 2023"]
[Source "ChessBase"]
[SourceDate "2022.10.05"]
[SourceVersion "1"]
[SourceVersionDate "2022.10.05"]
[SourceQuality "1"]

1. e4 e5 2. Nf3 Nc6 3. Bc4 Bc5 4. Nc3 Nf6 5. d3 d6 6. h3 h6 7. Be3 Bb6 8. 0-0 0-0 9. Qd2 Be6 10. Bb3 Qe7 11. Rad1 Rad8 12. Rfe1 Rfe8 13. Ne2 d5 14. exd5 Nxd5 15. Ng3 f6 16. d4 Nxe3 17. fxe3 exd4 18. Bxe6+ Qxe6 19. exd4 Qxa2 20. c3 Ne5 21. Nxe5 fxe5 22. Ne2 Qc4 23. Kh2 exd4 24. b3 Qxb3 25. Nxd4 Rxe1 26. Rxe1 Bxd4 27. cxd4 Qd5 28. Qc3 Qxd4 29. Qxc7 Qd6+ 30. Qxd6 Rxd6 31. Re7 Rb6 32. Re2 a5 33. Ra2 Ra6 34. Rb2 b6 35. Kg1 a4 36. Kf2 a3 37. Ra2 b5 38. Ra1 b4 39. Ke2 b3 40. Kd2 b2 41. Rb1 a2 42. Rxb2 a1Q 43. Rb8+ Kh7 44. Rc8 Qd4+ 45. Ke2 Ra2+ 46. Kf3 Rf2+ 47. Kg3 Qf4# 0-1

[Event "FRM-ch op"]
[Site "Skopje"]
[Date "2022.05.05"]
[Round "9"]
[White "Kalin, Andrei"]
[Black "Petrovski, Nikola"]
[Result "1/2-1/2"]
[WhiteElo "1641"]
[BlackElo "1242"]
[PlyCount "72"]
[EventDate "2022.04.29"]
[EventType "swiss"]
[EventRounds "9"]
[EventCountry "MKD"]
[SourceTitle "CBM 208 Extra"]
[Source "ChessBase"]
[SourceDate "2022.07.31"]
[SourceVersion "1"]
[SourceVersionDate "2022.07.31"]
[SourceQuality "1"]

1. e4 e5 2. Nf3 Nc6 3. d4 exd4 4. Bc4 Nf6 5. e5 Ng4 6. 0-0 Be7 7. Re1 d6 8. e6 f6 9. Nxd4 Nge5 10. Nxc6 bxc6 11. Bb3 0-0 12. f4 Ng6 13. f5 Ne5 14. Bf4 Kh8 15. Nd2 Ba6 16. Nf3 Rb8 17. Rc1 Rb4 18. Bxe5 fxe5 19. c3 Rf4 20. Bc2 Qb8 21. g3 Rg4 22. Nxe5 Qb6+ 23. Kg2 Rxg3+ 24. hxg3 dxe5 25. Qd7 Qc5 26. Qxc7 Rd8 27. Qxe5 Rd2+ 28. Kh3 Qf2 29. Qb8+ Bd8 30. Rh1 Qg2+ 31. Kg4 Qe2+ 32. Kf4 Qf2+ 33. Kg4 Qe2+ 34. Kf4 Qf2+ 35. Kg4 Qe2+ 36. Kf4 Qf2+ 1/2-1/2

[Event "FRM-ch op"]
[Site "Skopje"]
[Date "2022.05.04"]
[Round "8"]
[White "Petrovski, Nikola"]
[Black "Nikolovski, Kiril"]
[Result "1-0"]
[WhiteElo "1242"]
[BlackElo "1237"]
[PlyCount "85"]
[EventDate "2022.04.29"]
[EventType "swiss"]
[EventRounds "9"]
[EventCountry "MKD"]
[SourceTitle "CBM 208 Extra"]
[Source "ChessBase"]
[SourceDate "2022.07.31"]
[SourceVersion "1"]
[SourceVersionDate "2022.07.31"]
[SourceQuality "1"]

1. e4 e5 2. Nf3 Nc6 3. d4 exd4 4. Bc4 Nf6 5. 0-0 Nxe4 6. Re1 d5 7. Bxd5 Qxd5 8. Nc3 Qa5 9. Nxe4 Be6 10. Neg5 0-0-0 11. Nxe6 fxe6 12. Rxe6 Qf5 13. Qe2 Bc5 14. Bg5 Rdf8 15. Re1 h6 16. Bh4 g5 17. Bg3 Bb6 18. Qe4 Qxe4 19. R1xe4 Rd8 20. Ne5 Nxe5 21. Bxe5 Rhf8 22. Bf6 Rd5 23. Bg7 d3 24. cxd3 Rxf2 25. Re8+ Kd7 26. R8e7+ Kc6 27. R7e6+ Kb5 28. Rxb6+ Kxb6 29. Kxf2 Rxd3 30. Bd4+ c5 31. Be3 a5 32. Re6+ Kb5 33. Rxh6 a4 34. Bxg5 a3 35. bxa3 Rxa3 36. h4 Rxa2+ 37. Kg3 Ra3+ 38. Kh2 c4 39. h5 c3 40. Rh8 Kc4 41. Rc8+ Kd3 42. h6 c2 43. h7 1-0

[Event "FRM-ch op"]
[Site "Skopje"]
[Date "2022.05.02"]
[Round "6"]
[White "Gjorgjevski, Janco"]
[Black "Petrovski, Nikola"]
[Result "1-0"]
[WhiteElo "1857"]
[BlackElo "1242"]
[PlyCount "93"]
[EventDate "2022.04.29"]
[EventType "swiss"]
[EventRounds "9"]
[EventCountry "MKD"]
[SourceTitle "CBM 208 Extra"]
[Source "ChessBase"]
[SourceDate "2022.07.31"]
[SourceVersion "1"]
[SourceVersionDate "2022.07.31"]
[SourceQuality "1"]

1. c4 e5 2. Nc3 Nf6 3. Nf3 Nc6 4. g3 Bb4 5. Qb3 d6 6. Bg2 0-0 7. d3 h6 8. 0-0 Be6 9. Bd2 Qd7 10. Rfe1 Bh3 11. Bh1 Rfe8 12. e3 Rad8 13. a3 Ba5 14. Qc2 Bb6 15. Nd5 Nxd5 16. cxd5 Ne7 17. Qc4 c6 18. dxc6 Nxc6 19. b4 d5 20. Qh4 e4 21. b5 Ne5 22. Nxe5 Rxe5 23. d4 Ree8 24. a4 Rc8 25. Bg2 Bg4 26. h3 Be6 27. Rec1 Kh7 28. g4 g5 29. Qg3 Bc7 30. f4 f5 31. Rc5 Bb8 32. Rac1 Rxc5 33. dxc5 Rc8 34. Qf2 fxg4 35. hxg4 Bxg4 36. fxg5 Qf5 37. Qxf5+ Bxf5 38. Rf1 Kg6 39. Rxf5 Kxf5 40. Bh3+ Kxg5 41. Bxc8 b6 42. c6 Be5 43. Be6 Kf6 44. Bxd5 Kf5 45. Be1 Bc7 46. Kg2 h5 47. Bg3 1-0

[Event "FRM-ch op"]
[Site "Skopje"]
[Date "2022.05.02"]
[Round "5"]
[White "Petrovski, Nikola"]
[Black "Gaberov, Toshe"]
[Result "1-0"]
[WhiteElo "1242"]
[BlackElo "1512"]
[PlyCount "65"]
[EventDate "2022.04.29"]
[EventType "swiss"]
[EventRounds "9"]
[EventCountry "MKD"]
[SourceTitle "CBM 208 Extra"]
[Source "ChessBase"]
[SourceDate "2022.07.31"]
[SourceVersion "1"]
[SourceVersionDate "2022.07.31"]
[SourceQuality "1"]

1. e4 d5 2. exd5 Qxd5 3. Nc3 Qa5 4. Nf3 Nf6 5. Bc4 Nc6 6. 0-0 Bg4 7. Be2 e5 8. h3 Bh5 9. Nh2 Bxe2 10. Qxe2 Nd4 11. Qd1 Bd6 12. Nf3 0-0-0 13. d3 h6 14. Be3 Nf5 15. Bd2 Qb6 16. Rb1 Qc6 17. b4 g5 18. b5 Qd7 19. a4 g4 20. hxg4 Nxg4 21. Ne4 Be7 22. a5 Nd4 23. b6 cxb6 24. axb6 a6 25. Bb4 h5 26. Re1 h4 27. Bxe7 Rdg8 28. Nf6 Qxe7 29. Nxg8 Rxg8 30. Nxd4 Qd6 31. Nf5 Qf6 32. Qf3 Qg5 33. Nd6+ 1-0

[Event "FRM-ch op"]
[Site "Skopje"]
[Date "2022.04.30"]
[Round "3"]
[White "Jovanovski, Teodor"]
[Black "Petrovski, Nikola"]
[Result "1-0"]
[WhiteElo "1900"]
[BlackElo "1242"]
[PlyCount "77"]
[EventDate "2022.04.29"]
[EventType "swiss"]
[EventRounds "9"]
[EventCountry "MKD"]
[SourceTitle "CBM 208 Extra"]
[Source "ChessBase"]
[SourceDate "2022.07.31"]
[SourceVersion "1"]
[SourceVersionDate "2022.07.31"]
[SourceQuality "1"]

1. d4 Nf6 2. c4 g6 3. Nc3 Bg7 4. e4 0-0 5. Be3 d6 6. Be2 e5 7. d5 Na6 8. h4 h5 9. f3 Nc5 10. b4 Na6 11. a3 Qe7 12. g4 Bd7 13. Nh3 Rac8 14. Nf2 Ra8 15. Nb5 b6 16. Qd2 Kh7 17. Bg5 Rg8 18. Rg1 Qe8 19. Nc3 Nb8 20. c5 a5 21. Rb1 Na6 22. cxd6 cxd6 23. Be3 axb4 24. axb4 b5 25. g5 Nc7 26. gxf6 Bxf6 27. Bg5 Bg7 28. Nd3 f5 29. Nc1 f4 30. Nb3 Na6 31. Na2 Rc8 32. Na5 Rc7 33. Rc1 Qc8 34. Kf2 Qb8 35. Rxc7 Qxc7 36. Rc1 Qb6+ 37. Kg2 Bh3+ 38. Kxh3 Qf2 39. Qe1 1-0

[Event "EU-ch Hybrid U10"]
[Site "Tornelo INT"]
[Date "2021.10.15"]
[Round "2"]
[White "Zecha, Oscar"]
[Black "Petrovski, Nikola"]
[Result "1-0"]
[WhiteElo "1612"]
[BlackElo "1172"]
[PlyCount "97"]
[EventDate "2021.10.15"]
[EventType "swiss"]
[EventRounds "9"]
[EventCountry "NET"]
[SourceTitle "EXT 2023"]
[Source "ChessBase"]
[SourceDate "2022.10.05"]
[SourceVersion "1"]
[SourceVersionDate "2022.10.05"]
[SourceQuality "1"]
[WhiteTeam "Netherlands"]
[BlackTeam "Macedonia"]
[WhiteTeamCountry "NED"]
[BlackTeamCountry "MKD"]

1. d4 Nf6 2. c4 g6 3. g3 Bg7 4. Bg2 d6 5. Nc3 0-0 6. Nf3 c5 7. dxc5 dxc5 8. 0-0 Nc6 9. Bf4 Bf5 10. Rc1 Qa5 11. Ne5 Rfd8 12. Qa4 Qxa4 13. Nxa4 Ne4 14. Nxc6 bxc6 15. g4 Be6 16. Bxe4 Rd4 17. Nxc5 Bxg4 18. Be3 Rd6 19. f3 Bh3 20. Rfd1 Rad8 21. Rxd6 Rxd6 22. Bd3 Bxb2 23. Rb1 Bf6 24. Ne4 Rd8 25. Nxf6+ exf6 26. Bxa7 Kg7 27. Rb7 Re8 28. Bd4 c5 29. Bc3 Ra8 30. Rc7 Rxa2 31. Rxc5 Ra3 32. Bb2 Ra2 33. Rb5 Bd7 34. Rb6 Ra5 35. Bxf6+ Kh6 36. Bd4 Rg5+ 37. Kf2 Kh5 38. e4 h6 39. Be2 Ra5 40. f4+ Kh4 41. Bf6+ Kh3 42. Bf1+ Kg4 43. Bg7 h5 44. Bh6 Ra2+ 45. Be2+ Kh3 46. Rb3+ Kxh2 47. f5 h4 48. Bf4+ Kh1 49. Rh3# 1-0

[Event "Struga Youth op-A 2nd"]
[Site "Struga"]
[Date "2021.09.11"]
[Round "6"]
[White "Zhezhovska, Monika"]
[Black "Petrovski, Nikola"]
[Result "0-1"]
[WhiteElo "1452"]
[BlackElo "1076"]
[PlyCount "48"]
[EventDate "2021.09.08"]
[EventType "swiss"]
[EventRounds "7"]
[EventCountry "MKD"]
[SourceTitle "CBM 204 Extra"]
[Source "ChessBase"]
[SourceDate "2021.11.30"]
[SourceVersion "1"]
[SourceVersionDate "2021.11.30"]
[SourceQuality "1"]

1. d4 Nf6 2. c4 g6 3. Nc3 Bg7 4. e4 d6 5. Nf3 0-0 6. Be2 e5 7. 0-0 Nc6 8. d5 Ne7 9. b4 Nh5 10. Ne1 Nf4 11. Nd3 f5 12. f3 c6 13. Be3 Bd7 14. Rc1 a5 15. a3 Nxd3 16. Bxd3 f4 17. Bf2 Nc8 18. c5 Qg5 19. Kh1 Rf6 20. Qe1 Qh5 21. Be2 g5 22. h3 Bxh3 23. gxh3 Qxh3+ 24. Kg1 Rh6 0-1